Waste management: (Record no. 509839)

000 -LEADER
fixed length control field 00433nam a22001337a 4500
020 ## - INTERNATIONAL STANDARD BOOK NUMBER
International Standard Book Number 9788171398676
082 ## - DEWEY DECIMAL CLASSIFICATION NUMBER
Classification number X8x54 B469w
100 ## - MAIN ENTRY--PERSONAL NAME
Personal name Bhargava, Rajat
9 (RLIN) 6357
245 ## - TITLE STATEMENT
Title Waste management:
Remainder of title an introduction
Statement of responsibility, etc by Rajat Bhargava
260 ## - PUBLICATION, DISTRIBUTION, ETC. (IMPRINT)
Place of publication, distribution, etc New Delhi
Name of publisher, distributor, etc Jnanada and National Institute of Clealiness Education and Research
Date of publication, distribution, etc 2018
300 ## - PHYSICAL DESCRIPTION
Extent viii, 320p.
650 ## - SUBJECT ADDED ENTRY--TOPICAL TERM
Topical term or geographic name as entry element Sanitation -- India
9 (RLIN) 6572
650 ## - SUBJECT ADDED ENTRY--TOPICAL TERM
Topical term or geographic name as entry element Waste management
9 (RLIN) 6573
Holdings
Withdrawn status Lost status Source of classification or shelving scheme Damaged status Koha normalized classification for sorting Not for loan Permanent location Current location Date acquired Full call number Barcode Date last seen Price effective from Koha item type
        X_8X54_B469W   Indian Institute of Public Administration Indian Institute of Public Administration 2019-06-19 X8x54 B469w 87662 2019-06-19 2019-06-19 Book

Powered by Koha